|
|
|
|
| LEADER |
00951nam a2200205 u 4500 |
| 001 |
10060669 |
| 003 |
upatras |
| 005 |
20220125083103.0 |
| 008 |
070413s1984 gr gre |
| 952 |
|
|
|0 0
|1 0
|2 ddc
|4 0
|6 489_330000000000000_ΚΑΛ
|7 0
|9 207511
|a LISP
|b LISP
|c BSC
|d 2016-11-21
|i 090040
|l 0
|o 489.33 ΚΑΛ
|p 025000164165
|r 2016-11-21 00:00:00
|t 1
|w 2016-11-21
|y BK15
|
| 999 |
|
|
|c 126180
|d 126180
|
| 040 |
|
|
|a GR-PaULI
|c GR-PaULI
|b gre
|
| 082 |
0 |
4 |
|a 489.33
|
| 100 |
|
|
|a Καλεώδης, Γιάννης Μ.
|9 53672
|d 1939-
|e συγγραφέας
|
| 245 |
1 |
2 |
|a Ο γλωσσικός αφελληνισμός πέραν του μισοξενισμου καί της υποτέλειας /
|c Γιάννη Καλιόρη
|
| 260 |
|
|
|a Αθήνα :
|b Πολύτυπο,
|c 1984
|
| 300 |
|
|
|a 100 σ. :
|c 16 εκ.
|
| 650 |
|
0 |
|9 91950
|a Ελληνική γλώσσα, Νέα
|x Ξένες λέξεις και φράσεις
|
| 942 |
|
|
|2 ddc
|c BK15
|
| 998 |
|
|
|c ΜΠΟΥΡΑΣ
|d 2016-11
|